[Event "Jaffna op"]
[Site "Jaffna"]
[Date "2023.12.12"]
[Round "9"]
[White "Alahakoon, Isuru"]
[Black "De Silva, Osheen"]
[Result "1-0"]
[WhiteElo "1877"]
[BlackElo "1584"]
[PlyCount "83"]
[EventDate "2023.12.08"]
[EventType "swiss"]
[EventRounds "10"]
[EventCountry "SRI"]
[SourceTitle "CB51_2023"]
[SourceDate "2023.12.20"]
[SourceVersion "1"]
[SourceVersionDate "2023.12.20"]
[SourceQuality "1"]

1. Nf3 Nf6 2. c4 c5 3. e3 g6 4. b3 Bg7 5. Bb2 0-0 6. Be2 Nc6 7. 0-0 b6 8. Nc3 Bb7 9. d4 cxd4 10. exd4 d5 11. Re1 e6 12. Ne5 Nxe5 13. dxe5 Ne4 14. Nxe4 dxe4 15. Qxd8 Rfxd8 16. Rad1 Bf8 17. Bc1 h6 18. g3 Bb4 19. Rxd8+ Rxd8 20. Rd1 Rxd1+ 21. Bxd1 Bc3 22. Bxh6 Bxe5 23. Be3 f5 24. Kf1 Bd6 25. Ke2 Kf7 26. Kd2 Bb4+ 27. Kc2 Kf6 28. h4 Be1 29. a3 e5 30. b4 f4 31. gxf4 exf4 32. Bd4+ Kf5 33. Be2 e3 34. fxe3 Bxh4 35. Bd3+ Be4 36. exf4 Kxf4 37. b5 Be7 38. a4 g5 39. a5 Bd8 40. a6 g4 41. c5 bxc5 42. Bxc5 1-0

[Event "Speed Chess Q1 Sw"]
[Site "Chess.com INT"]
[Date "2023.08.21"]
[Round "2"]
[White "Alahakoon, Isuru"]
[Black "Willy, Stephen"]
[Result "1-0"]
[WhiteElo "1827"]
[BlackElo "2072"]
[PlyCount "75"]
[EventDate "2023.08.21"]
[EventType "k.o. (blitz)"]
[EventRounds "14"]
[EventCountry "USA"]
[SourceTitle "CBM 215 Extra"]
[Source "ChessBase"]
[SourceDate "2023.09.30"]
[SourceVersion "1"]
[SourceVersionDate "2023.09.30"]
[SourceQuality "1"]

1. Nf3 d5 2. e3 Nf6 3. c4 e6 4. b3 b6 5. Bb2 Bb7 6. Nc3 Be7 7. cxd5 Nxd5 8. Qc2 Nc6 9. a3 0-0 10. h4 f5 11. Nxd5 Qxd5 12. Bc4 Qd6 13. Ng5 Bxg5 14. hxg5 Ne5 15. Be2 Bxg2 16. 0-0-0 Bxh1 17. Rxh1 Rf7 18. Qc3 Nd7 19. e4 fxe4 20. g6 hxg6 21. Qh3 Qc6+ 22. Kb1 Kf8 23. Rc1 Qb7 24. Qxe6 Re8 25. Qxg6 Nf6 26. Bc4 Nd5 27. Rh1 Rd8 28. Rh8+ Ke7 29. Qxe4+ Kd7 30. Bxd5 c6 31. Qe6+ Kc7 32. Qxf7+ Rd7 33. Qe8 cxd5 34. Be5+ Kc6 35. Qe6+ Kb5 36. Rh4 d4 37. Qc4+ Ka5 38. Qa4# 1-0

[Event "Speed Chess Q1 Sw"]
[Site "Chess.com INT"]
[Date "2023.08.21"]
[Round "4"]
[White "Yelisieiev, Yevhenii"]
[Black "Alahakoon, Isuru"]
[Result "1-0"]
[WhiteElo "2401"]
[BlackElo "1827"]
[PlyCount "47"]
[EventDate "2023.08.21"]
[EventType "k.o. (blitz)"]
[EventRounds "14"]
[EventCountry "USA"]
[SourceTitle "CBM 215 Extra"]
[Source "ChessBase"]
[SourceDate "2023.09.30"]
[SourceVersion "1"]
[SourceVersionDate "2023.09.30"]
[SourceQuality "1"]

1. d4 d5 2. Nf3 Nf6 3. c4 e6 4. Nc3 c6 5. Bg5 Nbd7 6. e3 Qa5 7. Nd2 dxc4 8. Bxf6 Nxf6 9. Nxc4 Qg5 10. Qf3 Be7 11. Bd3 0-0 12. h4 Qh6 13. g4 Rd8 14. Ne5 g5 15. hxg5 Qxg5 16. Rxh7 c5 17. Ne4 Qxe5 18. dxe5 Nxh7 19. 0-0-0 Bd7 20. Rh1 Nf8 21. Nd6 Bxd6 22. Qf6 Ng6 23. Bxg6 fxg6 24. Rh8# 1-0

[Event "Titled Tuesday intern op 25th Jul Early"]
[Site "Chess.com INT"]
[Date "2023.07.25"]
[Round "2"]
[White "Alahakoon, Isuru"]
[Black "Ambartsumova, Karina"]
[Result "0-1"]
[WhiteElo "1806"]
[BlackElo "2393"]
[PlyCount "94"]
[EventDate "2023.07.25"]
[EventType "swiss (blitz)"]
[EventRounds "11"]
[EventCountry "USA"]
[SourceTitle "EXT 2024"]
[Source "ChessBase"]
[SourceDate "2023.10.10"]
[SourceVersion "1"]
[SourceVersionDate "2023.10.10"]
[SourceQuality "1"]

1. Nf3 Nf6 2. d4 g6 3. Bg5 Bg7 4. Nbd2 d5 5. e3 0-0 6. Bd3 c5 7. c3 Qb6 8. Rb1 Nc6 9. 0-0 Re8 10. Qe2 e5 11. dxc5 Qxc5 12. e4 dxe4 13. Bxe4 Bd7 14. Rfd1 h6 15. Bh4 g5 16. Bg3 Bg4 17. h3 Bh5 18. Qe3 Qxe3 19. fxe3 Nxe4 20. Nxe4 Bg6 21. Nd6 Bxb1 22. Nxe8 Rxe8 23. Rxb1 f5 24. Rd1 Kf7 25. Rd7+ Re7 26. Rxe7+ Kxe7 27. e4 f4 28. Bf2 Ke6 29. b4 a6 30. a4 Bf6 31. Nd2 h5 32. Nb3 Be7 33. b5 axb5 34. axb5 Nd8 35. c4 g4 36. hxg4 hxg4 37. Kf1 Kd7 38. Ke2 Ne6 39. c5 Ng5 40. Kd3 g3 41. Bg1 f3 42. gxf3 Nh3 43. Be3 g2 44. Kc4 Bg5 45. Kd5 Bxe3 46. c6+ bxc6+ 47. bxc6+ Kc8 0-1

[Event "Titled Tuesday intern op 25th Jul Early"]
[Site "Chess.com INT"]
[Date "2023.07.25"]
[Round "1"]
[White "Goroshkov, Maksym"]
[Black "Alahakoon, Isuru"]
[Result "1-0"]
[WhiteElo "2257"]
[BlackElo "1806"]
[PlyCount "117"]
[EventDate "2023.07.25"]
[EventType "swiss (blitz)"]
[EventRounds "11"]
[EventCountry "USA"]
[SourceTitle "EXT 2024"]
[Source "ChessBase"]
[SourceDate "2023.10.10"]
[SourceVersion "1"]
[SourceVersionDate "2023.10.10"]
[SourceQuality "1"]

1. e4 d5 2. exd5 Qxd5 3. Nc3 Qa5 4. Nf3 Nf6 5. d4 Bg4 6. Be2 Nc6 7. 0-0 0-0-0 8. Be3 e5 9. Ng5 Bxe2 10. Nxe2 exd4 11. Nxf7 dxe3 12. Nxd8 Nxd8 13. fxe3 Bc5 14. Nd4 Re8 15. Qd3 Ne6 16. Qf5 Kb8 17. Kh1 Nxd4 18. exd4 Bb6 19. Qxa5 Bxa5 20. c3 c6 21. Rae1 Rxe1 22. Rxe1 Bd8 23. h3 Kc7 24. g4 Kd7 25. Kg2 Nd5 26. Kf3 Bh4 27. Re5 g6 28. g5 Ne7 29. Kg4 Bf2 30. Re2 Bg1 31. Rg2 Be3 32. Kf3 Bc1 33. Rg1 Bd2 34. Rg2 Bc1 35. h4 Nf5 36. Rc2 Be3 37. h5 Bxg5 38. hxg6 hxg6 39. Rh2 Bh6 40. Ke4 Ke6 41. c4 Bg7 42. d5+ cxd5+ 43. cxd5+ Kd6 44. Rg2 Ne7 45. b4 Bf6 46. a4 g5 47. Rf2 Bg7 48. Rf7 Bc3 49. b5 b6 50. Rh7 Bd2 51. Rh6+ Kd7 52. d6 Nc8 53. Kd5 Bf4 54. Rh7+ Kd8 55. d7 Ne7+ 56. Ke6 Ng6 57. Rg7 Nf8+ 58. Kd5 Nxd7 59. Kc6 1-0

[Event "Titled Tuesday intern op 25th Jul Early"]
[Site "Chess.com INT"]
[Date "2023.07.25"]
[Round "9"]
[White "Gulamirian, Korun"]
[Black "Alahakoon, Isuru"]
[Result "0-1"]
[WhiteElo "1816"]
[BlackElo "1806"]
[PlyCount "94"]
[EventDate "2023.07.25"]
[EventType "swiss (blitz)"]
[EventRounds "11"]
[EventCountry "USA"]
[SourceTitle "EXT 2024"]
[Source "ChessBase"]
[SourceDate "2023.10.10"]
[SourceVersion "1"]
[SourceVersionDate "2023.10.10"]
[SourceQuality "1"]

1. d4 d5 2. c4 e6 3. Nf3 Nf6 4. g3 Bb4+ 5. Bd2 Bd6 6. Bg2 0-0 7. 0-0 c6 8. Nc3 Nbd7 9. Re1 dxc4 10. e4 e5 11. d5 Nc5 12. dxc6 bxc6 13. Bg5 Nd3 14. Re2 h6 15. Bxf6 Qxf6 16. Ne1 Bg4 17. f3 Bc5+ 18. Kh1 Rad8 19. Nxd3 cxd3 20. Rd2 Be3 21. Rxd3 Bxf3 22. Qc2 Bxg2+ 23. Kxg2 Rxd3 24. Qxd3 Qf2+ 25. Kh3 Bd4 26. Rf1 Qxb2 27. Ne2 Qb5 28. Qf3 c5 29. g4 a5 30. Ng3 g6 31. g5 h5 32. Qf6 Qd7+ 33. Kg2 Qg4 34. Rf3 h4 35. h3 Qe6 36. Qxe6 fxe6 37. Ne2 Rxf3 38. Kxf3 c4 39. Nc1 Kf7 40. Ke2 Ke7 41. Kd2 Kd6 42. Ne2 Kc5 43. Kc2 Kb4 44. Nc1 Ka3 45. Kd2 Kb2 46. Ne2 c3+ 47. Kd3 c2 0-1

[Event "Titled Tuesday intern op 25th Jul Early"]
[Site "Chess.com INT"]
[Date "2023.07.25"]
[Round "7"]
[White "Pulido Alvarez, Ariel"]
[Black "Alahakoon, Isuru"]
[Result "0-1"]
[WhiteElo "2238"]
[BlackElo "1806"]
[PlyCount "86"]
[EventDate "2023.07.25"]
[EventType "swiss (blitz)"]
[EventRounds "11"]
[EventCountry "USA"]
[SourceTitle "EXT 2024"]
[Source "ChessBase"]
[SourceDate "2023.10.10"]
[SourceVersion "1"]
[SourceVersionDate "2023.10.10"]
[SourceQuality "1"]

1. e4 d5 2. exd5 Qxd5 3. Nc3 Qa5 4. Bc4 Nf6 5. d4 Bg4 6. Nge2 Nc6 7. Be3 0-0-0 8. 0-0 e5 9. d5 Nd4 10. f3 Nxe2+ 11. Qxe2 Bf5 12. a3 Bc5 13. b4 Bxe3+ 14. Qxe3 Qb6 15. Qxb6 axb6 16. Rfe1 Rhe8 17. Bb3 e4 18. g4 Bg6 19. g5 Nd7 20. Nxe4 Ne5 21. Kf2 Re7 22. Ng3 Rde8 23. h4 h6 24. gxh6 gxh6 25. h5 Bh7 26. Rad1 Kd7 27. Ne4 Bxe4 28. Rxe4 Kd6 29. Rde1 f6 30. R4e2 b5 31. Re3 Rg8 32. Rg1 Rg5 33. Rxg5 hxg5 34. Re1 Rh7 35. Rh1 Rh6 36. a4 bxa4 37. Bxa4 Kxd5 38. Bb3+ Kd6 39. Ke3 f5 40. Kd4 Nxf3+ 41. Ke3 g4 42. Kf4 b6 43. b5 Kc5 0-1

[Event "Titled Tuesday intern op 04th Jul Late"]
[Site "Chess.com INT"]
[Date "2023.07.04"]
[Round "2"]
[White "Alahakoon, Isuru"]
[Black "Tan, Ralph"]
[Result "1-0"]
[WhiteElo "1806"]
[BlackElo "1996"]
[PlyCount "101"]
[EventDate "2023.07.04"]
[EventType "swiss (blitz)"]
[EventRounds "11"]
[EventCountry "USA"]
[SourceTitle "EXT 2024"]
[Source "ChessBase"]
[SourceDate "2023.10.10"]
[SourceVersion "1"]
[SourceVersionDate "2023.10.10"]
[SourceQuality "1"]

1. Nf3 Nf6 2. d4 e6 3. Nc3 d5 4. Bg5 Be7 5. Bxf6 Bxf6 6. e4 dxe4 7. Nxe4 0-0 8. Bd3 Nd7 9. Qe2 g6 10. 0-0-0 c5 11. dxc5 Qa5 12. Nxf6+ Nxf6 13. Qe3 Qxa2 14. c3 Kg7 15. Qe5 Qd5 16. Qd4 a5 17. Bc4 Qf5 18. Ne5 Qe4 19. Rhe1 Qxd4 20. cxd4 a4 21. f4 a3 22. b3 Bd7 23. g4 Bc6 24. g5 Nh5 25. Rf1 Be4 26. Be2 a2 27. Kb2 Bb1 28. Ka1 Rfd8 29. Bxh5 gxh5 30. Nc4 Bc2 31. Rd2 Bxb3 32. Nd6 Bd5 33. f5 Rxd6 34. cxd6 Rd8 35. h4 Rxd6 36. f6+ Kg6 37. Rc1 b5 38. Rc8 b4 39. Rg8+ Kf5 40. Rg7 Rc6 41. Rxa2 b3 42. Rf2+ Ke4 43. Rxf7 Kxd4 44. Kb2 Ra6 45. Rd2+ Kc4 46. Rc7+ Bc6 47. f7 Ra2+ 48. Kc1 Ra1+ 49. Kb2 Ra2+ 50. Kb1 Rxd2 51. f8Q 1-0